MARC

LEADER 00000nam0a2200000 4500
001 301530
005 20231102001418.0
020 |a RU  |b 83-24922 
035 |a (RuTPU)RU\TPU\book\326702 
090 |a 301530 
100 |a 20150731d1983 m y0rusy5003 ca 
101 0 |a rus 
102 |a RU 
105 |a a j 001zy 
200 1 |a Численные методы в задачах анализа, синтеза и проектирования систем автоматического управления  |e учебное пособие  |f Н. Н. Макаров  |g Тульский политехнический институт (ТулПИ, ТПИ) 
210 |a Тула  |c Изд-во ТПИ  |d 1983 
215 |a 76 с.  |c граф. 
606 1 |a Автоматическое управление  |x Математические исследования  |2 stltpush  |3 (RuTPU)RU\TPU\subj\946  |9 29751 
610 1 |a математический анализ 
610 1 |a численные методы 
610 1 |a интерполяции 
610 1 |a дифференцирование 
610 1 |a интегрирование 
610 1 |a алгебраические уравнения 
610 1 |a решение 
610 1 |a обыкновенные дифференциальные уравнения 
610 1 |a задача Коши 
610 1 |a методы Рунге-Кутта 
610 1 |a жесткие системы 
610 1 |a учебные пособия 
675 |a 681.51.01:51(075.8)  |z rus  |v 3 
700 1 |a Макаров  |b Н. Н.  |g Николай Николаевич  |4 070 
712 0 2 |a Тульский политехнический институт (ТулПИ, ТПИ)  |c (1963-1992)  |2 stltpush  |3 (RuTPU)RU\TPU\col\284 
801 0 |a RU  |b RuMRKP  |c 19950704  |g psbo 
801 1 |a RU  |b 63413507  |c 20150731 
801 2 |a RU  |b 63413507  |c 20190319  |g RCR 
942 |c BK